000 00638nam a2200181 i 4500
001 99771
003 ES-MaACL
005 20250823063056.0
007 t|
008 050915s1958 sp ||||1| eng d
100 1 _aFeduchi, Luis M.,
_d1901-1975
_949083
245 1 0 _aVisitor's guide to Madrid and places of interest in its vicinity /
_c[supervision of Luis M. Feduchi; translated by John Angus Macnab].
260 _aMadrid :
_bAfrodisio Aguado,
_c1958.
300 _a278 p., lám. 1-64 :
_b8 gráf. pleg ;
_c16 cm.
700 1 _aMacnab, John Angus.
_975268
852 _aES-MaACL
_jC-14750
_bR.42571
999 _c99771
_d99771